It looks like you're offline.
Open Library logo
additional options menu

MARC Record from Scriblio

Record ID marc_records_scriblio_net/part19.dat:50136692:725
Source Scriblio
Download Link /show-records/marc_records_scriblio_net/part19.dat:50136692:725?format=raw

LEADER: 00725nam 2200217 a 4500
001 86231706
003 DLC
005 19880127171337.9
008 861212s1986 cr b 00010 spa
010 $a 86231706
020 $z9997901341
043 $anc-----
050 0 $aF1439.5$b.B34 1986
100 20 $aBaeza Flores, Alberto,$d1914-
245 10 $aCentroamérica, entre el ayer y el mañana /$cAlberto Baeza Flores.
260 0 $aSan José, Costa Rica :$bLibro Libre,$c1986.
300 $a349 p. ;$c21 cm.
500 $aCover subtitle: Sociedades abiertas frente a sociedades cerradas.
504 $aBibliography: p. [339]-349.
651 0 $aCentral America$xPolitics and government$y1979-
650 0 $aGeopolitics$zCentral America.